000 nam a22 7a 4500
999 _c7338
_d7338
008 170814b xxu||||| |||| 00| 0 eng d
100 _aArora sumita
_93876
245 _aComputer Science with C++
250 _a7th
260 _aNew Delhi
_bDhanpat Rai & Co
_c2013